भारतीय दर्शन (Record no. 12812)
[ view plain ]
| 000 -LEADER | |
|---|---|
| fixed length control field | 004680000a22001690004500 |
| 003 - CONTROL NUMBER IDENTIFIER | |
| control field | MACL |
| 005 - DATE AND TIME OF LATEST TRANSACTION | |
| control field | 20160320133633.0 |
| 008 - FIXED-LENGTH DATA ELEMENTS--GENERAL INFORMATION | |
| fixed length control field | 160320b xxu||||| |||| 00| 0 eng d |
| 040 ## - CATALOGING SOURCE | |
| Original cataloging agency | MACL |
| Transcribing agency | MACL |
| 041 ## - LANGUAGE CODE | |
| Language code of text/sound track or separate title | Hindi |
| 082 ## - DEWEY DECIMAL CLASSIFICATION NUMBER | |
| Classification number | 100 |
| 100 ## - MAIN ENTRY--PERSONAL NAME | |
| Personal name | साहू रामदेव |
| 9 (RLIN) | 47735 |
| 245 ## - TITLE STATEMENT | |
| Title | भारतीय दर्शन |
| 260 ## - PUBLICATION, DISTRIBUTION, ETC. (IMPRINT) | |
| Name of publisher, distributor, etc. | श्याम प्रकाशन |
| Date of publication, distribution, etc. | 2003 |
| Place of publication, distribution, etc. | जयपुर |
| 350 ## - PRICE (NR) (BK AM CF MU VM SE) [OBSOLETE] | |
| Price | 300 |
| 942 ## - ADDED ENTRY ELEMENTS (KOHA) | |
| Koha item type | Hindi Books |
| Call number prefix | 100 /SHA |
| Source of classification or shelving scheme | |
| Withdrawn status | Lost status | Source of classification or shelving scheme | Damaged status | Not for loan | Home library | Current library | Date acquired | Total Checkouts | Total Renewals | Full call number | Barcode | Date last seen | Date last checked out | Uniform Resource Identifier | Price effective from | Koha item type |
|---|---|---|---|---|---|---|---|---|---|---|---|---|---|---|---|---|
| MACL | MACL | 20/03/2016 | 5 | 1 | 100 /SHA | CRH017167 | 24/09/2025 | 30/07/2025 | 12687 | 15/04/2015 | Books |









